Ciriaco De Mita - Statistics

Statistiche generali
  • Questo quiz è stato fatto 8 volte
  • Il punteggio medio è 8 su 11
Statistiche sulle risposte
Anni Carica ricoperta % Corretto
1963-1994 Deputato
100%
1996-2008 Deputato
100%
1984-1989 Europarlamentare
100%
1999-2004 Europarlamentare
100%
2009-2014 Europarlamentare
100%
1988-1989 Presidente del consiglio dei ministri
100%
2014- Sindaco di Nusco
67%
1974-1976 Ministro del commercio con l'estero
33%
1973-1974 Ministro dell'industria, del commercio e dell'artigianato
33%
1976-1979 Ministro per gli interventi straordinari nel Mezzogiorno
33%
1968-1969 Sottosegretario di stato del ministero dell'interno
0%
Nessun quiz corrispondente trovato
Distribuzione punteggi
Percentuale di utenti per punteggio
Percentile per numero di risposta
I tuoi punteggi nel tempo
Non hai fatto questo quiz